Second Round MLB Teams 2025 Postseason - Sudden Death - Statistics

General Stats
  • This quiz has been taken 37 times
  • The average score is 6 of 8
Answers on the Grid
Answers color-coded by a green-red scale on the quiz's grid according to % correct below.
Angels
Astros
Athletics
Blue Jays
Braves
Brewers
Cardinals
Cubs
Diamondbacks
Dodgers
Giants
Guardians
Mariners
Marlins
Mets
Nationals
Orioles
Padres
Phillies
Pirates
Rangers
Rays
Red Sox
Reds
Rockies
Royals
Tigers
Twins
White Sox
Yankees
 
Answer Stats
Answer % Correct
Brewers
89%
Cubs
81%
Mariners
78%
Blue Jays
74%
Dodgers
74%
Yankees
74%
Tigers
70%
Phillies
63%
No matching quizzes found
Score Distribution
Percent of People with Each Score
Percentile by Number Answered
Your Score History
You have not taken this quiz